000 00605nam a2200205Ia 4500
003 GCL
008 140319s9999 xx 000 0 ara d
040 _aGCL /
_cGCL
082 0 4 _aق
_b069.5
_bم د
100 1 _aالمتحف القبطى
245 1 0 _aدليل مختصر عن المتحف القبطى /
_cالمتحف القبطى
260 _a[S.N] :
_bالمتحف القبطى ،
_c1959
490 _a
650 0 4 _aمصر
650 0 4 _aالاثار القبطية
650 0 4 _aالمتحف القبطى
650 0 4 _aالمتاحف
650 0 4 _aالفن القبطى
942 _2ddc
_cBK
999 _c36531
_d36531